La sombra de la leyenda negra
Gardado en:
| Main Authors: | , |
|---|---|
| Formato: | Libro |
| Idioma: | Lingua castelá |
| Publicado: |
Madrid, España
Tecnos
2016
|
| Series: | Colección Biblioteca de Historia y Pensamiento Político
|
| Subjects: | |
| Tags: |
Engadir etiqueta
Sen Etiquetas, Sexa o primeiro en etiquetar este rexistro!
|
MARC
| LEADER | 00000cam a2200000 a 4500 | ||
|---|---|---|---|
| 001 | UCC4072 | ||
| 003 | CL-VaPUC | ||
| 005 | 20230125163608.0 | ||
| 008 | 180706e20160000sp |||||||||||||||||spa|d | ||
| 999 | |c 371675 |d 371673 | ||
| 020 | |a 9788430969135 | ||
| 040 | |c Pontificia Universidad Católica de Valparaíso | ||
| 082 | 0 | 4 | |a 946.042 VIL 2016 |2 21 |
| 100 | 0 | |a Villaverde Rico, María José |e author |9 598209 | |
| 245 | 1 | 3 | |a La sombra de la leyenda negra |
| 260 | |a Madrid, España |b Tecnos |c 2016 | ||
| 300 | |a 541 páginas | ||
| 490 | 0 | |a Colección Biblioteca de Historia y Pensamiento Político | |
| 583 | |a last modification |c 20180706 14:40:00 |k Rodrigo Vera | ||
| 650 | 7 | |a HISTORIA DE ESPAÑA |2 CL-VaPUC |9 318547 |y SIGLO 16 | |
| 650 | 0 | |a Conquista española |9 267777 | |
| 700 | 0 | |a Castilla Urbano, Francisco |e author |9 598210 | |
| 852 | |a BIBCUR | ||
| 942 | |c BK |2 ddc | ||
| 945 | |d 20180706 14:40:00 |a dcastane | ||
| 952 | |0 0 |1 0 |2 ddc |3 erb |4 0 |6 946_042000000000000_VIL_2016 |7 0 |8 A |9 488754 |a BIBHIS |b BIBHIS |i 5479312 |l 1 |o 946.042 VIL 2016 |p 5479312 |r 2025-01-20 |s 2022-07-01 |t 1 |w 2019-11-24 |y BK |z Catalogado en:20180706 |k HIS | ||
| 952 | |0 0 |1 0 |2 ddc |3 erb |4 0 |6 946_042000000000000_VIL_2016 |7 0 |8 A |9 488755 |a BIBHIS |b BIBHIS |i 5479304 |o 946.042 VIL 2016 |p 5479304 |r 2025-01-20 |t 2 |w 2019-11-24 |y BK |z Catalogado en:20180706 |k HIS | ||